| 000 | 00376nam a2200145 i 4500 | ||
|---|---|---|---|
| 001 | 39809 | ||
| 003 | ES-MaACL | ||
| 005 | 20230906160103.0 | ||
| 007 | t| | ||
| 008 | 030304s1956 sp ||||1| cat d | ||
| 245 | 0 | 0 |
_aCap d'Any _b: raixa 1956. |
| 260 |
_aPalma de Mallorca : _bMoll, _c[1956] ( _fMiramar) |
||
| 300 |
_a189 p. ; _c16 cm. |
||
| 852 |
_aES-MaACL _jC-18151 _bR.38336 |
||
| 999 |
_c39809 _d39809 |
||